Environmental science : (Record no. 11631)

MARC details
000 -LEADER
fixed length control field 01789cam a22003375a 4500
001 - CONTROL NUMBER
control field 16828901
003 - CONTROL NUMBER IDENTIFIER
control field OSt
005 - DATE AND TIME OF LATEST TRANSACTION
control field 20211012074711.0
008 - FIXED-LENGTH DATA ELEMENTS--GENERAL INFORMATION
fixed length control field 110615s2005 njuab b 001 0 eng d
010 ## - LIBRARY OF CONGRESS CONTROL NUMBER
LC control number 2011414406
020 ## - INTERNATIONAL STANDARD BOOK NUMBER
International Standard Book Number 013147541X
020 ## - INTERNATIONAL STANDARD BOOK NUMBER
International Standard Book Number 9780131475410
035 ## - SYSTEM CONTROL NUMBER
System control number (OCoLC)ocm57654404
040 ## - CATALOGING SOURCE
Original cataloging agency IPL
Transcribing agency HU
Modifying agency CAW
-- BAKER
-- BTCTA
-- OCLCG
-- DLC
042 ## - AUTHENTICATION CODE
Authentication code lccopycat
050 00 - LIBRARY OF CONGRESS CALL NUMBER
Classification number GE105
Item number .N42 2005
082 04 - DEWEY DECIMAL CLASSIFICATION NUMBER
Classification number 363.7
100 1# - MAIN ENTRY--PERSONAL NAME
Personal name Wright, Richard T.,
Dates associated with a name 1933-
9 (RLIN) 12566
245 10 - TITLE STATEMENT
Title Environmental science :
Remainder of title toward a sustainable future /
Statement of responsibility, etc. Richard T. Wright.
250 ## - EDITION STATEMENT
Edition statement Annotated instructor's ed., 9th ed.
260 ## - PUBLICATION, DISTRIBUTION, ETC.
Place of publication, distribution, etc. Upper Saddle River, N.J. :
Name of publisher, distributor, etc. Pearson/Prentice Hall,
Date of publication, distribution, etc. c2005.
300 ## - PHYSICAL DESCRIPTION
Extent xxiii, 712 p. :
Other physical details ill. (chiefly col.), maps ;
Dimensions 29 cm. +
Accompanying material 1 CD-ROM (4 3/4 in.)
500 ## - GENERAL NOTE
General note Nebel's name appears first on some earlier eds.
504 ## - BIBLIOGRAPHY, ETC. NOTE
Bibliography, etc. note Includes bibliographical references (p. 663-665) and index.
538 ## - SYSTEM DETAILS NOTE
System details note System requirements for accompanying CD-ROM: Pentium II 233 MHz or Power PC with OS 9/X; 64 MB RAM in addition to the RAM required by your OS, 40 MB free RAM, with virtual memory enabled for Macintosh; Windows 98/Me/2000/NT/XP or OS 9.2.1/OSX; Netscape 6 or 7(OS 9 or OS X), Internet Explorer 5.1(for OS 9) 5.2(for OS X) or 5.5 or 6(for Windows), Adobe Acrobat Reader 5.0 or higher; 800 x 600 pixel screen resolution or higher, color monitor running "Thousands of colors" or higher, 4X CD-ROM drive, Internet connection for associated websites, printer, audio-capable system recommended.
650 #0 - SUBJECT ADDED ENTRY--TOPICAL TERM
Topical term or geographic name entry element Environmental sciences
Form subdivision Textbooks.
9 (RLIN) 7415
700 1# - ADDED ENTRY--PERSONAL NAME
Personal name Nebel, Bernard J.
Title of a work Environmental science.
9 (RLIN) 12567
906 ## - LOCAL DATA ELEMENT F, LDF (RLIN)
a 0
b ibc
c copycat
d 2
e ncip
f 20
g y-gencatlg
942 ## - ADDED ENTRY ELEMENTS (KOHA)
Source of classification or shelving scheme Dewey Decimal Classification
Koha item type Books like text book referance book
Suppress in OPAC No
Holdings
Withdrawn status Lost status Source of classification or shelving scheme Damaged status Not for loan Collection code Home library Current library Shelving location Date acquired Total Checkouts Full call number Barcode Date last seen Price effective from Koha item type
    Dewey Decimal Classification     Reference Wondo Genet Library Wondo Genet Library General Stacks 10/12/2021   363.7WRS 1995 WGCFNRL00004407 10/12/2021 10/12/2021 Books like text book referance book
    Dewey Decimal Classification     Reference Wondo Genet Library Wondo Genet Library General Stacks 10/12/2021   363.7WRS 1995 WGCFNRL00004408 10/12/2021 10/12/2021 Books like text book referance book